Welcome to the Holygrace Academy Library

Please use search bar below to get started

TOOLS FOR FORMATIVE AND SUMMATIVE ASSESSMENTS IN ENGLISH COMMUNICATIVE (Record no. 839)

MARC details
000 -LEADER
fixed length control field 00338nam a22001097a 4500
082 ## - DEWEY DECIMAL CLASSIFICATION NUMBER
Classification number 425
Item number DIN/T
100 ## - MAIN ENTRY--AUTHOR NAME
Personal name S.DINESH
245 ## - TITLE STATEMENT
Title TOOLS FOR FORMATIVE AND SUMMATIVE ASSESSMENTS IN ENGLISH COMMUNICATIVE
Remainder of title FOR CLASS X TERM 1 & 2
260 ## - PUBLICATION, DISTRIBUTION, ETC. (IMPRINT)
Place of publication JALANDHAR
Name of publisher S.DINESH & CO
650 ## - SUBJECT ADDED ENTRY--TOPICAL TERM
Topical Term ENGLISH PULL OUT WORKSHEETS FOR CLASS X
Geographic subdivision INDIA
942 ## - ADDED ENTRY ELEMENTS (KOHA)
Koha item type Books
Holdings
Withdrawn status Lost status Collection code Home library Current library Shelving location Date acquired Source of acquisition Full call number Accession Number Koha item type
    Reference Main Library Main Library SHELF-8ECLASS X- ENGLISH 21/05/2019 purchase 425 DIN/T 11133 Books